• 首页
  • 本馆介绍
  • 公告通知
  • 最新文献
  • 馆藏检索
  • 电子资源
  • 读者导购
  • 参考咨询
  • 我的图书馆
  • 登录
  • 详细信息显示
  • 放入我的书架
  • 预约/预借图书
  • 作者相关作品
  • 分类相关作品
  • 丛书相关作品
  • 出版社相关作品

书目信息

  • 表格格式
  • 工作单格式
  • 卡片格式
题名:
“语文学习学”的研究与实践
    
 
作者: 林惠生 著
分册:  
出版信息: 北京   光明日报出版社  2016
页数: 439页
开本: 24cm
丛书名:
单 册:
中图分类: G633.302 , G633.3
科图分类:
主题词: 中学语文课--教学研究
电子资源:
ISBN: 978-7-5112-9519-4
000 01268nam0 2200289 450
001 2343001709
005 20231205115700.06
010    @a978-7-5112-9519-4@dCNY76.00
100    @a20160406d2016 em y0chiy50 ea
101 0  @achi
102    @aCN@b110000
105    @ak a 000yy
200 1  @a“语文学习学”的研究与实践@A“yu wen xue xi xue ”de yan jiu yu shi jian@e让“学习”也科学起来@f林惠生著
210    @a北京@c光明日报出版社@d2016
215    @a439页@d24cm
300    @a林惠生教育文选之一
306    @a本书由人文在线出版基金资助出版
314    @a林惠生, 特级教师、广东省第一批中学正高级教师 (教授级)。
320    @a有书目 (第420-423页)
330    @a全书共九章, 前三章, 侧重于关于“语文学习学”的创建与拓展研究, 涉及“语文学习学”的创建背景、过程、概念、功能、特征等通用性理论构想; 四至八章, 分别进行了基于“语文学习学”的应用开发和实践行动探索, 如: 语文的学习心理、学情调查、科学指导、学习模式、学习案例等, 第九章是缘于“语文学习学”的“学导法”教学初期实验和“学语文”教学的发展性实验。
517 1  @a让“学习”也科学起来@Arang “xue xi ”ye ke xue qi lai
606 0  @a中学语文课@x教学研究
690    @aG633.302@v5
690    @aG633.3@v4
701  0 @a林惠生@Alin hui sheng@4著
801  0 @aCN@b湖北三新@c20160406
905    @aZUCC@dG633.3@e312
    
    “语文学习学”的研究与实践:让“学习”也科学起来/林惠生著.-北京:光明日报出版社,2016
    439页;24cm
    林惠生教育文选之一
    
    ISBN 978-7-5112-9519-4:CNY76.00
    全书共九章, 前三章, 侧重于关于“语文学习学”的创建与拓展研究, 涉及“语文学习学”的创建背景、过程、概念、功能、特征等通用性理论构想; 四至八章, 分别进行了基于“语文学习学”的应用开发和实践行动探索, 如: 语文的学习心理、学情调查、科学指导、学习模式、学习案例等, 第九章是缘于“语文学习学”的“学导法”教学初期实验和“学语文”教学的发展性实验。
●
相关链接 在五车中查询图书 在当当中查询图书 在豆瓣中查询图书


正题名:"语文学习学"的研究与实践     索取号:G633.3/312         预约/预借

序号 登录号 条形码 馆藏地/架位号 状态 备注
1 2001333730   2001333730   三新/湖北三新(第三批)/1309/ [索取号:G633.3/312] 在馆    
2 2001333731   2001333731   三新/湖北三新(第三批)/1309/ [索取号:G633.3/312] 在馆    
3 2001333732   2001333732   三新/湖北三新(第三批)/1309/ [索取号:G633.3/312] 在馆    
4 2001333733   2001333733   三新/湖北三新(第三批)/1309/ [索取号:G633.3/312] 在馆    
5 2001333734   2001333734   三新/湖北三新(第三批)/1309/ [索取号:G633.3/312] 在馆    
6 2001333735   2001333735   三新/湖北三新(第三批)/1309/ [索取号:G633.3/312] 在馆    
7 2001333736   2001333736   三新/湖北三新(第三批)/1309/ [索取号:G633.3/312] 在馆    
8 2001333737   2001333737   三新/湖北三新(第三批)/1309/ [索取号:G633.3/312] 在馆    
9 2001333738   2001333738   三新/湖北三新(第三批)/1309/ [索取号:G633.3/312] 在馆    
10 2001333739   2001333739   三新/湖北三新(第三批)/1310/ [索取号:G633.3/312] 在馆    
11 2001333740   2001333740   三新/湖北三新(第三批)/1310/ [索取号:G633.3/312] 在馆    
12 2001333741   2001333741   三新/湖北三新(第三批)/1310/ [索取号:G633.3/312] 在馆    
13 2001333742   2001333742   三新/湖北三新(第三批)/1310/ [索取号:G633.3/312] 在馆    
14 2001333743   2001333743   三新/湖北三新(第三批)/1310/ [索取号:G633.3/312] 在馆    
15 2001333744   2001333744   三新/湖北三新(第三批)/1310/ [索取号:G633.3/312] 在馆    
16 2001333745   2001333745   三新/湖北三新(第三批)/1310/ [索取号:G633.3/312] 在馆    
17 2001333746   2001333746   三新/湖北三新(第三批)/1310/ [索取号:G633.3/312] 在馆    
18 2001333747   2001333747   三新/湖北三新(第三批)/1310/ [索取号:G633.3/312] 在馆    
19 2001333748   2001333748   三新/湖北三新(第三批)/1310/ [索取号:G633.3/312] 在馆    
20 2001333749   2001333749   三新/湖北三新(第三批)/1310/ [索取号:G633.3/312] 在馆    
山东省滨州职业学院图书馆 欢迎您!
大连网信软件有限公司© 版权所有